अलगाव / (Record no. 114678)

MARC details
000 -LEADER
fixed length control field 00967nam a22002537a 4500
005 - DATE AND TIME OF LATEST TRANSACTION
control field 20170124103012.0
010 ## - LIBRARY OF CONGRESS CONTROL NUMBER
LC control number A-814903
020 ## - INTERNATIONAL STANDARD BOOK NUMBER
Terms of availability 80.00
035 ## - SYSTEM CONTROL NUMBER
System control number A-814903
037 ## - SOURCE OF ACQUISITION
Source of stock number/acquisition Cen Lib/Ret
040 ## - CATALOGING SOURCE
Original cataloging agency DPL
Language of cataloging HN
082 ## - DEWEY DECIMAL CLASSIFICATION NUMBER
Classification number
Item number सिन्हाक
100 ## - MAIN ENTRY--PERSONAL NAME
Personal name सिन्हा, कमलेश
9 (RLIN) 57825
245 ## - TITLE STATEMENT
Title अलगाव /
Statement of responsibility, etc कमलेश सिन्हा
246 ## - VARYING FORM OF TITLE
Title proper/short title Algav /
Remainder of title by Kamlesh Sinha
260 ## - PUBLICATION, DISTRIBUTION, ETC. (IMPRINT)
Place of publication, distribution, etc नई दिल्ली
Name of publisher, distributor, etc अयन प्रकाशन
Date of publication, distribution, etc 1996
270 ## - ADDRESS
Address 1/20 महरौली
City नई दिल्ली
Postal code 110030
300 ## - PHYSICAL DESCRIPTION
Extent 141पृ.
Dimensions 17सेमी(सजिल्द )
650 ## - SUBJECT ADDED ENTRY--TOPICAL TERM
Topical term or geographic name as entry element हिंदी साहित्य
General subdivision
Geographic subdivision
9 (RLIN) 57826
650 ## - SUBJECT ADDED ENTRY--TOPICAL TERM
Topical term or geographic name as entry element हिंदी साहित्य--लघु कथाएँ
9 (RLIN) 57827
650 ## - SUBJECT ADDED ENTRY--TOPICAL TERM
Topical term or geographic name as entry element Hindi literature
Form subdivision
9 (RLIN) 57828
650 ## - SUBJECT ADDED ENTRY--TOPICAL TERM
Topical term or geographic name as entry element Hindi literature--Short Stories
9 (RLIN) 57829
942 ## - ADDED ENTRY ELEMENTS (KOHA)
Source of classification or shelving scheme Dewey Decimal Classification
Koha item type Hindi Books
Classification part
Call number suffix सिन्हाक
Holdings
Withdrawn status Lost status Damaged status Not for loan Home library Current library Date acquired Source of acquisition Cost, normal purchase price Total Checkouts Full call number Barcode Date last seen Copy number Cost, replacement price Price effective from Koha item type
        Central Library Central Library 18/08/2015 Cen Lib/Ret 80.00   क सिन्हाक A-814903 18/08/2015 1 80.00 18/08/2015 Hindi Books

© Delhi Public Library
Hit Counter
free hit counter